000 00569nam a22001937a 4500
005 20241214112649.0
008 241214b ||||| |||| 00| 0 eng d
040 _cAL
041 _aEnglish
082 _223
_a348.04
_bCHAI
100 _aTejinder Pal Singh Chawla
_9190948
245 _aIndian Civil Cases: Vol 81 2015(4)
260 _aChandigarh
_bICC Publications
_c2015
300 _acxx,1054 p.
_bHB
_c24x15 cm
365 _a1061
_b₹2186.35
_c
_d₹2995.00
_e27%
_f28-11-2024
440 _aVolume 81
_9190949
650 _aCivil Laws
_9190950
942 _2ddc
_cBI
999 _c232897
_d232897